Представление документа в формате RUSMARC

ПолеНазваниеЗначение
  Тип записи a
  Библиографический уровень m
001 Контрольный номер RU\NLR\BIBL_A\011915212
005 Дата корректировки 20230707133312.0
010 Индекс ISBN __
a ISBN 978-5-04-098556-2
9 Тираж 5000
d Цена 348-59
021 № государственной регистрации __
a Код страны RU
b № документа 2018-96852
035 Другие системные номера __
a Идентификатор записи (RuMoRGB)009841433
100 Данные общей обработки __
a Данные общей обработки 20190122d2019 e y0rusa0189 ca
101 Язык документа 1_
a Язык текста rus
c Язык оригинала eng
102 Страна публикации __
a Страна публикации RU
105 Кодированные данные (монография) __
a Кодированные данные (монография) a z 000ay
200 Заглавие и сведения об ответственности 1_
a Заглавие Летний дракон
e Сведения, относящиеся к заглавию первая книга Вечнолива
f Первые сведения об ответственности Тодд Локвуд
g Последующие сведения об ответственности [перевод с англ. К. Гусаковой
g Последующие сведения об ответственности с иллюстрациями автора]
210 Выходные данные 1_
a Место издания Москва
c Издательство Эксмо
d Дата издания 2019
215 Физическое описание __
a Объем 507, [3] с.
c Иллюстрации/тип воспроизводства ил.
d Формат 22
300 Общие примечания __
a Общие примечания На обл.: Многократный лауреат CHESLEY AWARD
333 Примечание о целевом назначении __
a Примечание о целевом назначении 16+
606 Тематические рубрики __
a Основная рубрика Художественная литература
606 Тематические рубрики __
a Основная рубрика Литература Америки (произведения)
610 Ключевые слова 0_
a Ключевые слова американская литература
686 Индексы других классификаций __
a Индекс ББК 84(7Сое)6-4
v Номер издания LBC/SL
2 Код системы rubbk
700 Автор _1
a Фамилия Локвуд
b Имя Т.
f Даты 1957-
g Полное личное имя Тодд
3 Контрольный № нормативной записи RU\NLR\AUTH\770200402
801 Источник записи _0
a Страна RU
b Организация NLR
c Дата составления 20190122
g Правила каталогизации RCR
801 Источник записи _1
a Страна RU
b Организация NLR
c Дата составления 20190122
2 Код формата rusmarc
801 Источник записи _2
a Страна RU
b Организация NLR
c Дата составления 20190201
2 Код формата rusmarc
801 Источник записи _2
a Страна RU
b Организация Центральная районная библиотека им. Г. А. Пирожникова
852 Данные о местонахождении __
j Шифр хранения 84(7Сое)6
i Авторский знак Л 73
901 Тип документа __
t Тип документа m
902 Роль лиц __
b Редактор БЗ ОКиО/Струналь